| 000 | 00525nam a2200205Ia 4500 | ||
|---|---|---|---|
| 003 | OSt | ||
| 005 | 20240326154028.0 | ||
| 008 | 210210b1993 xxu||||| |||| 00| 0 eng d | ||
| 020 | _a0 07 460412 0 | ||
| 040 | _ceng | ||
| 082 | _a540.02 TATC | ||
| 100 |
_aTATA Mc GRAW HILL PUBLISHING COMPANY. _9157084 |
||
| 245 | _aCourse in chemistry | ||
| 260 |
_aN D _bT M H _c1993 |
||
| 300 | _avi,351 | ||
| 650 |
_aChemistry IIT Entrance TMH _9157085 |
||
| 690 |
_aChemistry Entrance _9157086 |
||
| 906 | _a048391 | ||
| 942 |
_2ddc _cBK |
||
| 999 |
_c97505 _d97505 |
||